Faculty of Law Library — Cairo University

Official Online Catalog

Digest Of The Decisions Of The Permanet Court Of Arbitration 1902 - 1928 : (Record no. 68928)

MARC details
000 -LEADER
fixed length control field 01138nam a2200313 4500
003 - CONTROL NUMBER IDENTIFIER
control field EG-GICUC
005 - DATE AND TIME OF LATEST TRANSACTION
control field 20260511131802.0
008 - FIXED-LENGTH DATA ELEMENTS--GENERAL INFORMATION
fixed length control field 260405s1931 -ge |||f |||| 00| 0 eng d
040 ## - CATALOGING SOURCE
Original cataloging agency EG-GICUC
Language of cataloging eng
Transcribing agency EG-GICUC
Modifying agency EG-GICUC
Description conventions rda
082 04 - DEWEY DECIMAL CLASSIFICATION NUMBER
Classification number 341.1
Item number S C . D
Edition number 21
092 04 - LOCALLY ASSIGNED DEWEY CALL NUMBER (OCLC)
Edition number 21
099 ## - LOCAL FREE-TEXT CALL NUMBER (OCLC)
Classification number Law 11 341.1 S C . D 1931
100 1# - MAIN ENTRY--PERSONAL NAME
Personal name Schmitz Ernst
245 ## - TITLE STATEMENT
Title Digest Of The Decisions Of The Permanet Court Of Arbitration 1902 - 1928 :
Number of part/section of a work Tomus II /
Statement of responsibility, etc. By Ernst Schmitz; A. H. Feller, B. Schenk Graf Von Stauffenberg, Referent .
264 ## - PRODUCTION, PUBLICATION, DISTRIBUTION, MANUFACTURE, AND COPYRIGHT NOTICE
Place of production, publication, distribution, manufacture Berlin:
Name of producer, publisher, distributor, manufacturer Carl Heymanns Verlag,
Date of production, publication, distribution, manufacture, or copyright notice 1931.
300 ## - PHYSICAL DESCRIPTION
Extent 306 Pages ;
Dimensions 24 Cm.
336 ## - CONTENT TYPE
Source rda content
Content type term text
337 ## - MEDIA TYPE
Source rda media
Media type term Computer
338 ## - CARRIER TYPE
Source rda carrier
Carrier type term Online Resource
490 ## - SERIES STATEMENT
Series statement Fontes Juris Gentium
Volume/sequential designation Series A . Section I . Tomus II
546 ## - LANGUAGE NOTE
Language note Text in English with some passages in French
650 14 - SUBJECT ADDED ENTRY--TOPICAL TERM
Topical term or geographic name entry element Public international law
651 1# - SUBJECT ADDED ENTRY--GEOGRAPHIC NAME
Source of heading or term qrmak
700 1# - ADDED ENTRY--PERSONAL NAME
Personal name A. H. Feller
Relator term Author.
700 1# - ADDED ENTRY--PERSONAL NAME
Personal name B. Schenk Graf Von Stauffenberg
Relator term Reviewer.
856 40 - ELECTRONIC LOCATION AND ACCESS
Uniform Resource Identifier <a href="https://fll.law.cu.edu.eg/fulltext/bks/B11-08841.pdf">https://fll.law.cu.edu.eg/fulltext/bks/B11-08841.pdf</a>
905 ## - Cataloger and Reviser Names
Cataloger Name: Hoda
942 ## - ADDED ENTRY ELEMENTS (KOHA)
Source of classification or shelving scheme Dewey Decimal Classification
Koha item type Books
Edition 21
Suppress in OPAC No
Holdings
Withdrawn status Lost status Source of classification or shelving scheme Materials specified (bound volume or other part) Damaged status Not for loan Collection Home library Current library Date acquired Total checkouts Full call number Barcode Date last seen Copy number Price effective from Koha item type
    Dewey Decimal Classification V2   Not for loan القانون الدولي العام جــــامعة القــاهرة مكتبة كلية الحقوق - المبنى الرئيسي 05.04.2026   Law1 11 341.1 S C . D 1931 1108841 V2, C1 B11-08841 05.04.2026 1 05.04.2026 Books

© All rights reserved — Faculty of Law, Cairo University